Keleti zsoldosok a birkai vikingek között

Elmentve itt :
Bibliográfiai részletek
Szerző: Ilés-Muszka Andrea
Dokumentumtípus: Könyv része
Megjelent: 2019
Sorozat:Móra Akadémia 6
Móra Akadémia : szakkollégiumi tanulmánykötet 6. 6
Kulcsszavak:Régészet - leletek, Zsoldosok, Vikingek
Online Access:http://acta.bibl.u-szeged.hu/62325
LEADER 00697naa a2200193 i 4500
001 acta62325
005 20260224081030.0
008 191113s2019 hu o 000 hun d
022 |a 2064-809X 
040 |a SZTE Egyetemi Kiadványok Repozitórium  |b hun 
041 |a hun 
100 2 |a Ilés-Muszka Andrea 
245 1 0 |a Keleti zsoldosok a birkai vikingek között  |h [elektronikus dokumentum] /  |c  Ilés-Muszka Andrea 
260 |c 2019 
300 |a 36-49 
490 0 |a Móra Akadémia  |v 6 
490 0 |a Móra Akadémia : szakkollégiumi tanulmánykötet 6.  |v 6 
695 |a Régészet - leletek, Zsoldosok, Vikingek 
856 4 0 |u http://acta.bibl.u-szeged.hu/62325/1/moraakademia_006_036-049.pdf  |z Dokumentum-elérés